| 000 | 00351cam a2200145ua 4500 | ||
|---|---|---|---|
| 003 | OSt | ||
| 008 | 240119b |||||||| |||| 00| 0 eng d | ||
| 041 | _amal | ||
| 082 |
_a894.812308 _bGRO/AN |
||
| 100 |
_aGrossman, Vasily . _95757 |
||
| 245 | _aAnaswara janatha / | ||
| 260 |
_aThrissur : _bCurrent Books , _c1956. |
||
| 300 | _a415 ; . | ||
| 942 | _cBK | ||
| 999 |
_c3638 _d3638 |
||